000 01221nam a22002777a 4500
001 TZ 0003
003 gtcocun
005 20250924192820.0
006 a||||gr|||| 00| 0
007 ta
008 250924b1995 gt ||||| m||| 00| 0 eng d
040 _agtcocun
_bSPA
_cgtcocun
_eRDA
041 _aSPA TZ 0003
084 _0TZ 0003
100 _aFernández Donis, Jorge Avigail
_eAutor
245 _aEVALUACIÓN DE LA INCORPORACIÓN DE LA HARINA DE SEMILLA DE CONACASTE (Enterolobium cyclocarpum Jack Griseb) EN LA ALIMENTACION DE CONEJOS (Orychtolagus cuniculus L.)
_cJorge Avigail Fernández Donis.
_hImpreso
264 _aCobán, Alta Verapaz:
_bUniversidad de San Carlos de Guatemala, Centro Universitario del Norte,
300 _a46 p.:
_bIlustraciones, gráficas.
_c28 cm;
502 _eTZ 0003
502 _aTesis de grado
_bZootecnia,
_cUniversidad de San Carlos de Guatemala, Centro Universitario del Norte, Zootecnia
_d1995
_oTZ 0003
650 1 4 _2LEMB
_aRabinal, Baja Verapaz.
_xZootecnia
_xGranja
_xCunícula
_xConacaste
_xPaletizados
700 _eAsesor
856 _uSin archivo en línea.
_zSin archivo en línea.
942 _2ddc
_cTES
_iTZ 0003
_kClasificación
_n0
_6TZ_0003_000000000000000
999 _c2134
_d2134